Gazdasági ellenőrzés, önellenőrzés a számvitel tükrében

Bibliographic Details
Main Author: Sándor Ádám
Other Authors: Veress Dr. Attila
Format: Thesis
Kulcsszavak:Ellenőrzés
önellenőrzés
2000. évi C. törvény
2017. évi CL. törvény
Online Access:http://dolgozattar.uni-bge.hu/14559

MARC

LEADER 00000nta a2200000 i 4500
001 dolg14559
005 20171218144305.0
008 171218suuuu hu om 000 hun d
040 |a BGE Dolgozattár Repozitórium  |b hun 
041 |a hu 
100 1 |a Sándor Ádám 
245 1 0 |a Gazdasági ellenőrzés, önellenőrzés a számvitel tükrében  |c Sándor Ádám  |h [elektronikus dokumentum] 
246 1 1 |a Gazdasági ellenőrzés, önellenőrzés a számvitel tükrében 
695 |a Ellenőrzés 
695 |a önellenőrzés 
695 |a 2000. évi C. törvény 
695 |a 2017. évi CL. törvény  
700 1 |a Veress Dr. Attila  |e ths 
856 4 0 |u http://dolgozattar.uni-bge.hu/14559/1/S%C3%A1ndor%20%C3%81d%C3%A1m%20Szakdolgozat%208.%20verzi%C3%B3%20al%C3%A1%C3%ADrt.pdf  |z Dokumentum-elérés